Fucavi, el libro /

Guardado en:
Autor Principal: Panza, Aldo Fabián
Formato: Libro
Publicado: Buenos Aires : Fundar Calidad de Vida (fucavi)
Materias:
Hiv
Etiquetas: Agregar Etiqueta
Sin Etiquetas, Sea el primero en etiquetar este registro!
LEADER 00681nam a22002295a 4500
001 CEM.cems011033
005 20071206162452.0
008 130507b######################000#0#####d
003 CEMS
020 |a 9874341300 
082 0 4 |a 616.86 
100 1 |a Panza, Aldo Fabián 
245 1 0 |a Fucavi, el libro /  |c Aldo Fabián Panza 
260 |a Buenos Aires :  |b Fundar Calidad de Vida (fucavi) 
300 |a 178 p. 
505 0 |a Drogadicción -- Educación sexual SIDA/HIV Medio ambiente 
653 |a Drogacción-prevención 
653 |a Educación sexual 
653 |a Medio ambiente 
653 |a Sida 
653 |a Hiv 
859 |a CEMS  |b BIB. CEMS - 11 de abril  |h 616.86  |i F951  |p 21825.02  |t Ej.1